The nutcracker (Record no. 699)
[ view plain ]
| 000 -LEADER | |
|---|---|
| fixed length control field | 04790cgm a2200757Ia 4500 |
| 003 - CONTROL NUMBER IDENTIFIER | |
| control field | data |
| 005 - DATE AND TIME OF LATEST TRANSACTION | |
| control field | 20260322212030.0 |
| 007 - PHYSICAL DESCRIPTION FIXED FIELD--GENERAL INFORMATION | |
| fixed length control field | data |
| 008 - FIXED-LENGTH DATA ELEMENTS--GENERAL INFORMATION | |
| fixed length control field | data |
| 019 ## - | |
| -- | 670782667 |
| -- | 670782667 |
| 020 ## - INTERNATIONAL STANDARD BOOK NUMBER | |
| International Standard Book Number | 0769729258 |
| 020 ## - INTERNATIONAL STANDARD BOOK NUMBER | |
| International Standard Book Number | 9780769729251 |
| 024 1# - OTHER STANDARD IDENTIFIER | |
| Standard number or code | 032031292598 |
| 028 42 - PUBLISHER OR DISTRIBUTOR NUMBER | |
| Publisher or distributor number | D2925 |
| Source | Kultur |
| 037 ## - SOURCE OF ACQUISITION | |
| Source of stock number/acquisition | Midwest Tapes |
| Note | http://www.midwesttapes.com |
| 040 ## - CATALOGING SOURCE | |
| Original cataloging agency | TEFMT |
| Language of cataloging | eng |
| Transcribing agency | TEFMT |
| Modifying agency | MTU |
| -- | IBI |
| -- | OCLCQ |
| -- | OCL |
| -- | IUI |
| -- | BTCTA |
| -- | RCS |
| -- | WAU |
| -- | UPZ |
| -- | WAU |
| -- | DRB |
| -- | YDXCP |
| -- | CQU |
| -- | OCLCA |
| -- | WAU |
| -- | OCLCQ |
| -- | OCLCA |
| -- | TXI |
| -- | MTU |
| 050 14 - LIBRARY OF CONGRESS CALL NUMBER | |
| Classification number | GV1790.N88 |
| Item number | B27 2004 |
| 082 04 - DEWEY DECIMAL CLASSIFICATION NUMBER | |
| Classification number | 782.8/42 |
| Edition information | 22 |
| 090 ## - LOCALLY ASSIGNED LC-TYPE CALL NUMBER (OCLC); LOCAL CALL NUMBER (RLIN) | |
| Classification number (OCLC) (R) ; Classification number, CALL (RLIN) (NR) | DVD 782.842 N883 |
| 001 - CONTROL NUMBER | |
| control field | data |
| 245 14 - TITLE STATEMENT | |
| Title | The nutcracker |
| Medium | [videorecording] / |
| Statement of responsibility, etc. | Peter Ilich Tchaikovsky ... [et al.]. |
| 260 ## - PUBLICATION, DISTRIBUTION, ETC. | |
| Place of publication, distribution, etc. | West Long Branch, NJ : |
| Name of publisher, distributor, etc. | Distributed by Kultur Video, |
| Place of publication, distribution, etc. | West Long Branch, NJ : |
| Name of publisher, distributor, etc. | Distributed by Kultur Video, |
| Date of publication, distribution, etc. | [2004] |
| 300 ## - PHYSICAL DESCRIPTION | |
| Extent | 1 videodisc (78 min.) : |
| Other physical details | sd., col. ; |
| Dimensions | 4 3/4 in. |
| 490 1# - SERIES STATEMENT | |
| Series statement | The Baryshnikov collection. |
| 500 ## - GENERAL NOTE | |
| General note | Originally produced for broadcast in the US by CBS on December 16, 1977. |
| 505 0# - FORMATTED CONTENTS NOTE | |
| Formatted contents note | Overture -- Introduction/Start of Act I -- March of the wooden soldiers -- 1st doll dance -- 2nd doll dance -- 3rd doll dance -- Nutcracker dance -- Mice & soldiers -- Snowflake's dance -- Overture/Start of Act II -- Spanish dance -- Chinese dance -- Court jester's dance -- Marzipan dance -- Russian dance -- Flower dance -- Sugar Plum Fairy dance -- Finale. |
| 508 ## - CREATION/PRODUCTION CREDITS NOTE | |
| Creation/production credits note | Production designer, Boris Aronson ; costume designer, Frank Thompson ; director of photography, Larry Boelens ; conductor, Kenneth Schermerhorn ; choreography for "Snowflake" waltz by Vasily Vainonen ; videotape editors, Gary Princz, Max Curtis. |
| 511 1# - PARTICIPANT OR PERFORMER NOTE | |
| Participant or performer note | Mikhail Baryshnikov (Nutcracker/Prince), Gelsey Kirkland (Clara), Alexander Minz (Drosselmeyer), Gayle Young (Mr. Stahlbaum), Sallie Wilson (Mrs. Stahlbaum), Warren Conover (Fritz, Clara's brother), Gregory Osborne (Harlequin), Rebecca Wright (Doll), George De La Pena (Moor), Marcos Paredes (King of mice); featured soloists: Cynthia Harvey, Jolinda Menendez, Rodney Gustafson, Charles Maple, Eric Nesbitt, Clark Tippet, Hilda Morales, Kirk Peterson, Aurea Hammerli, Roman Jasinski, Nanette Glushak, Narie Johansson, Victor Barbee, Richard Schafer; narrator, Norman Rose. |
| 520 ## - SUMMARY, ETC. | |
| Summary, etc. | The chief attraction of this 1977 adaptation is the pairing of Baryshnikov and Kirkland. In consequence, the storyline has been altered to keep Clara and the Nutcracker prince as the focus of the tale. At a Christmas party, Clara is presented with the elegant Nutcracker prince by her doting godfather, Herr Drosselmeyer. A drunken male guest breaks it, and Clara is devastated. That night, Clara dreams about the Nutcracker prince: he comes to life, fights off the Rat King and his minions, and takes her to his kingdom. There she is royally entertained, and they dance together. Shy and diffident Clara longs to remain in the dream world--safe on the brink of adulthood--but her love for her godfather and her family draw her back into the waking world, where adulthood and real romance await her. |
| 521 8# - TARGET AUDIENCE NOTE | |
| Target audience note | MPAA rating: Not rated. |
| 538 ## - SYSTEM DETAILS NOTE | |
| System details note | DVD; Region 0 (All), NTSC; 5.1 Dolby digital surround, 2.0 Dolby digital stereo; full screen presentation, aspect ratio 1.33:1. |
| 650 #0 - SUBJECT ADDED ENTRY--TOPICAL TERM | |
| Topical term or geographic name entry element | Ballets. |
| 650 #0 - SUBJECT ADDED ENTRY--TOPICAL TERM | |
| Topical term or geographic name entry element | Nutcrackers (Implements) |
| Form subdivision | Drama. |
| 650 #0 - SUBJECT ADDED ENTRY--TOPICAL TERM | |
| Topical term or geographic name entry element | Children's dreams |
| Form subdivision | Drama. |
| 650 #0 - SUBJECT ADDED ENTRY--TOPICAL TERM | |
| Topical term or geographic name entry element | Ballets |
| Form subdivision | Television adaptations. |
| 655 #7 - INDEX TERM--GENRE/FORM | |
| Genre/form data or focus term | Christmas television programs. |
| Source of term | lcgft. |
| 655 #7 - INDEX TERM--GENRE/FORM | |
| Genre/form data or focus term | Children's television programs. |
| Source of term | lcgft. |
| 655 #7 - INDEX TERM--GENRE/FORM | |
| Genre/form data or focus term | Fantasy television programs. |
| Source of term | lcgft. |
| 655 #7 - INDEX TERM--GENRE/FORM | |
| Genre/form data or focus term | Cultural television programs. |
| Source of term | lcgft. |
| 655 #7 - INDEX TERM--GENRE/FORM | |
| Genre/form data or focus term | Television musicals. |
| Source of term | lcgft. |
| 655 #7 - INDEX TERM--GENRE/FORM | |
| Genre/form data or focus term | Television programs. |
| Source of term | lcgft. |
| 655 #4 - INDEX TERM--GENRE/FORM | |
| Genre/form data or focus term | Television programs |
| Geographic subdivision | United States. |
| 655 #7 - INDEX TERM--GENRE/FORM | |
| Genre/form data or focus term | Fantasy |
| Form subdivision | Feature. |
| Source of term | migfg. |
| 655 #7 - INDEX TERM--GENRE/FORM | |
| Genre/form data or focus term | Youth |
| Form subdivision | Feature. |
| Source of term | migfg. |
| 700 1# - ADDED ENTRY--PERSONAL NAME | |
| Personal name | Tchaikovsky, Peter Ilich, |
| Dates associated with a name | 1840-1893. |
| Title of a work | Shchelkunchik. |
| 700 1# - ADDED ENTRY--PERSONAL NAME | |
| Personal name | Chase, Lucia, |
| Dates associated with a name | 1897-1986. |
| Relationship | pro. |
| 700 1# - ADDED ENTRY--PERSONAL NAME | |
| Personal name | Smith, Oliver Lemuel, |
| Dates associated with a name | 1918-1994. |
| Relationship | pro. |
| 700 1# - ADDED ENTRY--PERSONAL NAME | |
| Personal name | Baryshnikov, Mikhail, |
| Dates associated with a name | 1948- |
| Relationship | pro. |
| -- | dnc |
| -- | pro. |
| 700 1# - ADDED ENTRY--PERSONAL NAME | |
| Personal name | Brandt, Yanna. |
| Relationship | pro. |
| -- | pro. |
| 700 1# - ADDED ENTRY--PERSONAL NAME | |
| Personal name | Kirkland, Gelsey. |
| Relationship | dnc. |
| 700 1# - ADDED ENTRY--PERSONAL NAME | |
| Personal name | Minz, Alexander. |
| Relationship | dnc. |
| 700 1# - ADDED ENTRY--PERSONAL NAME | |
| Personal name | Young, Gayle. |
| Relationship | dnc. |
| 700 1# - ADDED ENTRY--PERSONAL NAME | |
| Personal name | Wilson, Sallie. |
| Relationship | dnc. |
| 700 1# - ADDED ENTRY--PERSONAL NAME | |
| Personal name | Conover, Warren. |
| Relationship | dnc. |
| 700 1# - ADDED ENTRY--PERSONAL NAME | |
| Personal name | Osborne, Gregory. |
| Relationship | dnc. |
| 700 1# - ADDED ENTRY--PERSONAL NAME | |
| Personal name | Wright, Rebecca, |
| Dates associated with a name | 1947-2006. |
| Relationship | dnc. |
| 700 1# - ADDED ENTRY--PERSONAL NAME | |
| Personal name | De la Pena, George. |
| Relationship | dnc. |
| 700 1# - ADDED ENTRY--PERSONAL NAME | |
| Personal name | Paredes, Marcos. |
| Relationship | dnc. |
| 700 1# - ADDED ENTRY--PERSONAL NAME | |
| Personal name | Rose, Norman, |
| Dates associated with a name | 1917-2004. |
| Relationship | nrt. |
| 700 1# - ADDED ENTRY--PERSONAL NAME | |
| Personal name | Charmoli, Tony. |
| Relationship | drt. |
| 710 2# - ADDED ENTRY--CORPORATE NAME | |
| Corporate name or jurisdiction name as entry element | American Ballet Theatre. |
| 710 2# - ADDED ENTRY--CORPORATE NAME | |
| Corporate name or jurisdiction name as entry element | Jodav Productions. |
| 710 2# - ADDED ENTRY--CORPORATE NAME | |
| Corporate name or jurisdiction name as entry element | Kultur Video. |
| 730 0# - ADDED ENTRY--UNIFORM TITLE | |
| Uniform title | Nutcracker (Choreographic work : Baryshnikov) |
| 830 #0 - SERIES ADDED ENTRY--UNIFORM TITLE | |
| Uniform title | Baryshnikov collection. |
| Withdrawn status | Lost status | Damaged status | Not for loan | Home library | Current library | Shelving location | Date acquired | Total checkouts | Full call number | Barcode | Date last seen | Price effective from | Koha item type |
|---|---|---|---|---|---|---|---|---|---|---|---|---|---|
| Centerville | Centerville | General stacks | 22/03/2026 | 782.8/42 22 | BC0010716 | 22/03/2026 | 22/03/2026 | Books |